Chargement en cours...
Hindi sahitya ka ithihas /
| Autres auteurs: | |
|---|---|
| Langue: | Undetermined |
| Publié: |
Noida :
Mayoor Paperbacks ,
2002.
|
| LEADER | 00521nam a2200157Ia 4500 | ||
|---|---|---|---|
| 001 | 146419 | ||
| 008 | 170722s9999 xx 000 0 und d | ||
| 020 | |a 8171980368 | ||
| 245 | |a Hindi sahitya ka ithihas / | ||
| 260 | |a Noida : |b Mayoor Paperbacks , |c 2002. | ||
| 300 | |a xvi+791p | ||
| 700 | |a Nagendra |e editor. | ||
| 923 | |d 20060215 |n 169 | ||
| 942 | |c GEN | ||
| 999 | |c 133102 |d 133102 | ||
| 952 | |0 0 |1 0 |4 0 |6 O_152V_P1 |7 0 |9 188072 |a LIB |b LIB |d 2013-03-25 |e New light Publishing |l 15 |o O152v P1 |p 261602 |r 2020-03-07 |s 2020-02-08 |v 500.00 |w 2017-08-12 |y GEN | ||